GTA V - Quiz #1 - Statistiques

Statistiques générales
  • Ce quiz a été pris 1 334 fois
  • Le résultat moyen est 9 sur 23
Statistiques - réponses
Question Réponse % Correct
Dans quelle ville fictive se déroule GTA V ? Los Santos
97%
Quel personnage aide Franklin à démarrer dans le monde du crime ? Lamar Davis
82%
Comment s’appelle le fils de Michael ? Jimmy De Santa
69%
Quel est le nom de l’agence fédérale pour laquelle Michael travaille à contrecœur ? FIB (Federal Investigation Bureau)
62%
Quel ancien métier Michael exerçait-il avant les événements du jeu ? Braqueur de banque
61%
Comment s'appelle la femme de Michael ? Amanda De Santa
55%
Comment s'appelle le chien de Franklin ? Chop
54%
Quel gang de rue Franklin et Lamar affrontent-ils souvent ? Les Ballas
54%
Quel est le nom complet de Franklin ? Franklin Clinton
51%
Quel est le nom du mont le plus élevé du jeu ? Mont Chiliad
43%
Quel est le nom de la compagnie de mercenaires privés dans le jeu ? Merryweather
40%
Quelle est la marque de smartphone utilisée par les personnages dans le jeu ? iFruit
30%
Quel est le nom du réseau social fictif présent dans GTA V ? Lifeinvader
23%
Quel est le nom du gang auquel Franklin appartenait avant de rencontrer Michael ? The Families
23%
Quelle émission est animée par Lazlow dans le jeu ? Fame or Shame
22%
Quelle est la ville d'origine de Trevor avant qu'il ne déménage à Los Santos ? Sandy Shores
21%
Comment s'appelle le psy de Michael ? Isiah Friedlander
16%
Quel personnage est un ancien agent du FIB devenu ennemi de Michael ? Steve Haines
15%
Quel est le nom de l’entreprise de Trevor dans le désert ? Trevor Philips Industries
15%
Comment s'appelle l'agent du FIB qui force Michael et Trevor à travailler pour lui ? Dave Norton
14%
Quel est le nom de la société de taxis que Franklin peut acheter dans le jeu ? Downtown Cab Co.
13%
Comment s'appelle l'ami d'enfance de Trevor qui gère la compagnie aérienne avec lui ? Wade Hebert
10%
Quelle ville fictive est utilisée dans le prologue de GTA V ? Ludendorff, dans l’État de North Yankton
7%
Aucun quiz correspondant
Distribution des résultats
% des personnes avec chaque résultat
Percentile par nombre de réponses
Votre historique - résultats
Vous n’avez pas pris ce quiz